[Event "III Miedzynarodowy Memorial Ireny Warakomskiej - Open C"]
[Site "Suwalki"]
[Date "2019.08.12"]
[Round "6.18"]
[White "Wydornik, Robert "]
[Black "Borowik, Monika"]
[Result "1/2-1/2"]
[WhiteTitle ""]
[BlackTitle ""]
[WhiteElo "1391"]
[BlackElo "1216"]

1. e4 c5 2. d4 Nc6 3. dxc5 e6 4. Be3 Nf6 5. Nc3 Qa5 6. Qd2 Qb4 7. O-O-O Ng4 8.
a3 Qa5 9. Nb5 Qd8 10. Nd6+ Bxd6 11. cxd6 O-O 12. Nf3 b6 13. h3 Nge5 14. Nxe5 Nxe5
15. Bg5 f6 16. Bh4 Bb7 17. f3 Rc8 18. Bb5 Rc5 19. Qe2 Qc8 20. Bf2 Rxb5 21. Qxb5
Bc6 22. Qb3 Qa6 23. Rhe1 Rc8 24. Rd4 Bb5 25. Kb1 Nc4 26. f4 Ba4 27. Qb4 Bb5 28.
Rc1 Na5 29. Qe1 Nc4 30. Qb4 Na5 31. Qe1 1/2-1/2

[Event "III Miedzynarodowy Memorial Ireny Warakomskiej - Open C"]
[Site "Suwalki"]
[Date "2019.08.12"]
[Round "6.19"]
[White "Bartnik, Michal"]
[Black "Cwiek, Stefan"]
[Result "1-0"]
[WhiteTitle ""]
[BlackTitle ""]
[WhiteElo "1210"]
[BlackElo "1365"]

1. e4 e5 2. Nf3 Nc6 3. d4 exd4 4. Bc4 Nf6 5. O-O Nxe4 6. Re1 d5 7. Bxd5 Qxd5 8.
Nc3 Qh5 9. Nxe4 Be6 10. Neg5 O-O-O 11. Nxe6 fxe6 12. Rxe6 Bd6 13. h3 Ne5 14. Qe2
Rhf8 15. Rxe5 Bxe5 16. Qxe5 Qxe5 17. Nxe5 Rfe8 18. f4 g5 19. g3 gxf4 20. gxf4
Rf8 1-0

[Event "III Miedzynarodowy Memorial Ireny Warakomskiej - Open C"]
[Site "Suwalki"]
[Date "2019.08.12"]
[Round "6.20"]
[White "Kudraszow, Filip "]
[Black "Pajak, Radoslaw"]
[Result "1-0"]
[WhiteTitle ""]
[BlackTitle ""]
[WhiteElo "1056"]
[BlackElo "1343"]

1. e4 e5 2. Nf3 Nc6 3. c3 Nf6 4. d4 exd4 5. e5 Nd5 6. cxd4 Bb4+ 7. Bd2 Bxd2+ 8.
Nbxd2 d6 9. Bc4 Be6 10. Qb3 Nf4 11. Bxe6 Nxe6 12. d5 Ned4 13. Nxd4 Nxe5 14. N2f3
O-O 15. O-O Rb8 16. Rfe1 Ng6 17. Qc4 Qd7 18. Rac1 Nf4 19. Ne2 Nxe2+ 20. Rxe2 Qf5
21. Qe4 Qf6 22. Qe7 Qf5 23. Qg5 Qd3 24. Rd2 Qe4 25. Qe3 Qf5 26. h3 h6 27. Rxc7
Rbe8 28. Re7 Rc8 29. Qe4 Qf6 30. Rxb7 Rfe8 31. Qd4 Qf5 32. Rxa7 Re4 33. Qd3 Rce8
34. a4 Qc8 35. a5 Qc1+ 36. Kh2 Qc5 37. Ra6 Qc7 38. Qc3 Rc4 39. Qd3 g5 40. Qf5
Rf4 41. Qc2 Qd7 42. Rd4 Rf6 43. Re4 Rc8 44. Rc6 Ra8 45. Qc3 Rg6 46. Rb4 g4 47.
Rxg4 Rxg4 48. hxg4 Qxg4 1-0

[Event "III Miedzynarodowy Memorial Ireny Warakomskiej - Open C"]
[Site "Suwalki"]
[Date "2019.08.12"]
[Round "6.21"]
[White "Dunda, Szymon"]
[Black "Chomicki, Kornel "]
[Result "1/2-1/2"]
[WhiteTitle ""]
[BlackTitle ""]
[WhiteElo "1106"]
[BlackElo "1334"]

1. e4 e5 2. Nf3 Nc6 3. Bc4 Bc5 4. c3 Nf6 5. d3 d6 6. Nbd2 Be6 7. Bb3 Bb6 8. h3
h6 9. g4 Ne7 10. Nf1 Ng6 11. Ng3 c6 12. Be3 Bxe3 13. fxe3 1/2-1/2

[Event "III Miedzynarodowy Memorial Ireny Warakomskiej - Open C"]
[Site "Suwalki"]
[Date "2019.08.12"]
[Round "6.22"]
[White "Wiszniewska, Gabriela"]
[Black "Niedorys, Karolina "]
[Result "0-1"]
[WhiteTitle ""]
[BlackTitle ""]
[WhiteElo "1100"]
[BlackElo "1329"]

1. e4 c5 2. Nf3 d6 3. d4 cxd4 4. Nxd4 Nf6 5. Nc3 g6 6. Be3 Bg7 7. Bd3 O-O 8. Qd2
Ng4 9. f3 Nxe3 10. Qxe3 Nc6 11. Nde2 Be6 12. g4 Nb4 13. Qd2 Nxd3+ 14. Qxd3 Qb6
15. Rb1 Rac8 16. Qd2 Bc4 17. Nc1 Bxc3 18. Qxc3 Bxa2 19. Nxa2 Rxc3 20. Nxc3 Qe3+
21. Kd1 Qxf3+ 22. Kd2 Qf4+ 23. Kd3 Qxg4 24. Rbf1 Rc8 25. h4 Rc5 26. h5 0-1

[Event "III Miedzynarodowy Memorial Ireny Warakomskiej - Open C"]
[Site "Suwalki"]
[Date "2019.08.12"]
[Round "6.23"]
[White "Makarec, Anna"]
[Black "Szczygiel, Wojciech"]
[Result "0-1"]
[WhiteTitle ""]
[BlackTitle ""]
[WhiteElo "1099"]
[BlackElo "1313"]

1. e4 g6 2. d4 Bg7 3. Nf3 c5 4. Nc3 Nc6 5. Be3 Qb6 6. Nb5 d6 7. dxc5 dxc5 8. Qd5
Nb4 9. Bxc5 Nxd5 10. Bxb6 Nxb6 11. Nc7+ Kd8 12. Nxa8 Nxa8 13. Ng5 Nh6 14. Rd1+
Kc7 15. Rd5 Bxb2 16. Rc5+ Kb8 17. Bc4 Bc3+ 18. Ke2 Rd8 19. Nf3 b6 20. Rd5 Rxd5
21. exd5 Nc7 22. Ng5 Ba6 23. Bxa6 Nxa6 24. Kd3 Bf6 25. Nxh7 Ng4 26. Ke2 Bd4 27.
f3 Nf6 28. Nxf6 Bxf6 29. c4 Nb4 30. a3 Nc2 31. a4 Na3 32. Kd3 a6 33. h4 Kc7 34.
g4 b5 35. axb5 axb5 36. cxb5 Nxb5 37. h5 gxh5 38. gxh5 Kd6 39. h6 Nc7 40. h7 Bh8
41. Rh6+ Kxd5 42. Rh5+ Ke6 43. Ke4 Ne8 44. Rh6+ f6 45. Rg6 Ng7 46. f4 Kf7 47.
Rg1 f5+ 48. Kf3 e6 49. Rg3 Kf6 50. Kg2 Nh5 51. Rg8 Nxf4+ 52. Kf3 Ng6 53. Ra8 Kg5
54. Re8 e5 55. Rb8 Kh6 56. Rb7 Bg7 57. Rf7 f4 58. Rd7 Kxh7 59. Rc7 Kh6 60. Rc6
Kg5 61. Rc7 Bf6 62. Kg2 Kh4 63. Kf2 0-1

[Event "III Miedzynarodowy Memorial Ireny Warakomskiej - Open C"]
[Site "Suwalki"]
[Date "2019.08.12"]
[Round "6.25"]
[White "Dietrich, Pawel"]
[Black "Chiszko, Wiktoria"]
[Result "1-0"]
[WhiteTitle ""]
[BlackTitle ""]
[WhiteElo "1244"]
[BlackElo "1046"]

1. e4 e5 2. Nf3 Nc6 3. d4 exd4 4. Bc4 Nf6 5. e5 d5 6. Bb5 Ne4 7. Nxd4 Bd7 8. Bxc6
Bxc6 9. Nxc6 bxc6 10. f3 Qh4+ 11. Ke2 Qf2+ 12. Kd3 Nc5+ 13. Kc3 Na4+ 14. Kd3 Bc5
15. Re1 O-O 16. c3 Rab8 17. Re2 Qh4 18. b4 Qc4+ 19. Kd2 Bxb4 20. Qxa4 Qd4+ 21.
Kc2 Qc4 22. Rd2 c5 23. Qb3 Qxb3+ 24. axb3 d4 25. cxb4 Rxb4 26. Rxa7 c4 27. Ba3
d3+ 28. Kc1 Rxb3 29. Bxf8 Kxf8 30. Rxc7 c3 31. Rxc3 Rxc3+ 32. Nxc3 Ke7 33. Rxd3
1-0

[Event "III Miedzynarodowy Memorial Ireny Warakomskiej - Open C"]
[Site "Suwalki"]
[Date "2019.08.12"]
[Round "6.27"]
[White "Walkowski, Tobiasz "]
[Black "Galaszewski, Karol "]
[Result "1/2-1/2"]
[WhiteTitle ""]
[BlackTitle ""]
[WhiteElo "1233"]
[BlackElo "1108"]

1. e4 e6 2. d4 d5 3. exd5 exd5 4. Bd3 Nf6 5. Ne2 Be6 6. Bf4 Bd6 7. Nd2 Bxf4 8.
Nxf4 Qd6 9. Qf3 Nbd7 10. c3 O-O 11. Qg3 Rfe8 12. O-O c5 13. Nf3 Bg4 14. dxc5 Nxc5
15. Bc2 Nce4 16. Bxe4 Rxe4 17. Nh5 Qxg3 18. Nxf6+ gxf6 19. fxg3 Re2 20. Rab1 Bxf3
21. Rxf3 Kg7 22. Rf2 Rae8 23. Kf1 Rxf2+ 24. Kxf2 Re4 25. Rd1 Ra4 26. a3 Ra5 27.
Ke3 f5 28. Kf4 Kf6 29. Rd4 Ke6 30. Kg5 Rb5 31. Rb4 Rxb4 32. axb4 b6 33. Kh6 a5
34. b5 Kd6 35. Kxh7 Kc5 36. Kg7 Kc4 37. h4 Kb3 38. h5 Kxb2 39. h6 a4 40. h7 a3
41. h8=Q a2 42. Qh6 a1=Q 43. Qd2+ Ka3 44. Kxf7 Ka4 45. Qxd5 Qxc3 46. Qxf5 Qxg3
47. Qd5 1/2-1/2

[Event "III Miedzynarodowy Memorial Ireny Warakomskiej - Open C"]
[Site "Suwalki"]
[Date "2019.08.12"]
[Round "6.28"]
[White "Iracki, Piotr"]
[Black "Gladyszewski, Adam "]
[Result "0-1"]
[WhiteTitle ""]
[BlackTitle ""]
[WhiteElo "1116"]
[BlackElo "1216"]

1. c4 e6 2. Nc3 c6 3. Nf3 Nf6 4. e3 Be7 5. d4 O-O 6. Qc2 h6 7. h3 d5 8. Bd2 Nbd7
9. cxd5 exd5 10. O-O-O b5 11. e4 b4 12. Ne2 Nxe4 13. Be3 Bb7 14. h4 Rc8 15. Kb1
Ndf6 16. Ng3 Nxg3 17. fxg3 Qc7 18. Bf4 Bd6 19. Qf5 Bxf4 20. gxf4 Ne4 21. Re1 Ng3
22. Qh3 Nxh1 23. Qxh1 Qxf4 24. Bd3 c5 25. Ng5 g6 26. Bxg6 fxg6 27. Ne6 Qf5+ 28.
Ka1 Rce8 29. Nxf8 Qxf8 30. b3 c4 31. Rb1 Qf6 32. a4 Qxd4+ 33. Ka2 cxb3+ 34. Rxb3
Qc4 35. g4 a5 36. g5 hxg5 37. hxg5 Bc6 38. Kb2 Qxb3+ 39. Kxb3 Kf7 0-1

[Event "III Miedzynarodowy Memorial Ireny Warakomskiej - Open C"]
[Site "Suwalki"]
[Date "2019.08.12"]
[Round "7.1"]
[White "Czarniecki, Pawel"]
[Black "Fudala, Dominik"]
[Result "1/2-1/2"]
[WhiteTitle ""]
[BlackTitle ""]
[WhiteElo "1570"]
[BlackElo "1470"]

1. e4 e6 2. d4 d5 3. Nd2 Nf6 4. e5 Nfd7 5. f4 c5 6. c3 Nc6 7. Ndf3 cxd4 8. cxd4
Qa5+ 9. Bd2 Bb4 10. a3 Bxd2+ 11. Qxd2 Qxd2+ 12. Kxd2 Na5 13. Kc2 Nb6 14. b3 Bd7
15. Bd3 Ke7 16. Ne2 Nc6 17. Kb2 a6 18. Rac1 Rag8 19. g3 h6 20. h4 f6 21. Ka1 Be8
22. g4 fxe5 23. Nxe5 Nxe5 24. dxe5 Na8 25. Nd4 Bd7 26. f5 Rc8 27. Kb2 Rxc1 28.
Rxc1 h5 29. g5 exf5 30. Bxf5 Bxf5 31. Nxf5+ Kf7 32. Nd6+ Ke6 33. Nxb7 Kxe5 34.
Nc5 a5 35. Re1+ Kf5 36. Nb7 a4 37. Nd6+ Kg4 38. bxa4 Kxh4 39. Rg1 g6 40. Rd1 Rb8+
1/2-1/2

[Event "III Miedzynarodowy Memorial Ireny Warakomskiej - Open C"]
[Site "Suwalki"]
[Date "2019.08.12"]
[Round "7.2"]
[White "Konewko, Konrad"]
[Black "Werner, Kacper "]
[Result "1/2-1/2"]
[WhiteTitle ""]
[BlackTitle ""]
[WhiteElo "1544"]
[BlackElo "1435"]

1. d4 Nf6 2. c4 g6 3. Nc3 Bg7 4. e4 d6 5. f3 O-O 6. Be3 Nc6 7. Qd2 e5 8. d5 Ne7
9. Nge2 a6 10. Bh6 Nd7 11. h4 f6 12. g4 Nc5 13. Ng3 b6 14. Be2 Bd7 15. Rh2 Kf7
16. Kf2 Rh8 17. Rah1 Qf8 18. Be3 Qc8 19. h5 g5 20. Rb1 h6 21. Rhh1 Nb7 22. Rhc1
Re8 23. Nd1 Bf8 24. Nc3 Qb8 25. Qd3 Qa7 26. Bd1 Nc5 27. Qe2 Reb8 28. a4 a5 29.
Nb5 Qb7 1/2-1/2

[Event "III Miedzynarodowy Memorial Ireny Warakomskiej - Open C"]
[Site "Suwalki"]
[Date "2019.08.12"]
[Round "7.3"]
[White "Zydorczak, Marek "]
[Black "Walkowska, Wieslawa"]
[Result "1-0"]
[WhiteTitle ""]
[BlackTitle ""]
[WhiteElo "1521"]
[BlackElo "1072"]

1. e4 e5 2. Nf3 Nc6 3. Bc4 Bc5 4. c3 Nf6 5. d3 d6 6. Bg5 h6 7. Be3 Bxe3 8. fxe3
Ng4 9. Qe2 Qf6 10. O-O h5 11. Nbd2 Be6 12. Bb5 Bd7 13. Nd4 Qg6 14. Nf5 a6 15.
Ba4 Nh6 16. Nh4 Qg4 17. Qf2 O-O-O 18. Nc4 b5 19. Nxd6+ cxd6 20. Bb3 f6 21. Nf3
Qg6 22. a4 b4 23. Bc4 Ng4 24. Qg3 1-0

[Event "III Miedzynarodowy Memorial Ireny Warakomskiej - Open C"]
[Site "Suwalki"]
[Date "2019.08.12"]
[Round "7.4"]
[White "Ptaszynski, Szymon "]
[Black "Arciszewska, Zuzanna "]
[Result "1/2-1/2"]
[WhiteTitle ""]
[BlackTitle ""]
[WhiteElo "1484"]
[BlackElo "1499"]

1. c4 Nf6 2. g3 e5 3. Bg2 d5 4. cxd5 Nxd5 5. Nc3 Be6 6. Nf3 Nc6 7. d3 Be7 8. O-O
O-O 9. Rb1 Rb8 10. Nxd5 Bxd5 11. a3 e4 12. dxe4 Bxe4 13. Ra1 Bf6 14. Qxd8 Rbxd8
15. Nh4 Bxg2 16. Kxg2 Nd4 17. e3 Nb3 18. Rb1 Bxh4 19. gxh4 Rd6 20. e4 Rd4 21.
f3 f5 22. Be3 Rd3 23. Rbe1 fxe4 24. fxe4 a6 25. Rxf8+ Kxf8 26. Re2 Nd4 27. Bxd4
Rxd4 28. Kf3 Ke7 29. Ke3 Rd6 30. Rg2 Kf7 31. Rg1 Rb6 32. Rg2 Rb3+ 33. Kf4 g6 34.
Rd2 Ke6 35. Re2 c6 36. Rd2 Rh3 37. Kg4 Re3 38. Kf4 Re1 39. Rg2 Kf6 40. h3 Rh1
41. Rg3 Rf1+ 42. Ke3 Rb1 43. Rg2 Rh1 44. Rg3 Rh2 45. b4 Ke5 46. Kf3 Kf6 47. Kf4
Rf2+ 48. Ke3 Rh2 49. Kd4 Re2 50. Rf3+ Ke6 51. Rg3 Kf6 52. Rf3+ Ke6 53. Kd3 Ra2
54. Kd4 Re2 55. Rg3 Kf6 56. Rf3+ Ke6 57. Rg3 Kf6 58. Rf3+ Ke6 59. Kd3 Ra2 60.
Kd4 Re2 61. Rg3 Kf6 62. Rf3+ Ke6 63. Kd3 Ra2 64. Kd4 Re2 65. Rg3 Kf6 66. Rf3+
Ke6 67. Kd3 Ra2 68. Kd4 Re2 69. Rg3 Kf6 70. Rf3+ Ke6 71. Kd3 Ra2 1/2-1/2

[Event "III Miedzynarodowy Memorial Ireny Warakomskiej - Open C"]
[Site "Suwalki"]
[Date "2019.08.12"]
[Round "7.5"]
[White "Sapinski, Sebastian"]
[Black "Szczotka, Matylda"]
[Result "1-0"]
[WhiteTitle ""]
[BlackTitle ""]
[WhiteElo "1495"]
[BlackElo "1298"]

1. e4 e5 2. Nf3 Nc6 3. Bb5 a6 4. Bxc6 dxc6 5. O-O Be6 6. d3 Bd6 7. Be3 f6 8. d4
exd4 9. Qxd4 Ne7 10. Nbd2 O-O 11. Nb3 Bxb3 12. axb3 Ng6 13. Qc4+ Kh8 14. Bd4 Qd7
15. Rfe1 Rae8 16. b4 Nf4 17. Ra3 Qg4 18. g3 Nh3+ 19. Kg2 Ng5 20. Nxg5 Qxg5 21.
Bc5 Bxc5 22. Qxc5 Qe5 23. Rb3 Rb8 24. Rd1 f5 25. exf5 Rxf5 26. Rbd3 Rbf8 27. f4
1-0

[Event "III Miedzynarodowy Memorial Ireny Warakomskiej - Open C"]
[Site "Suwalki"]
[Date "2019.08.12"]
[Round "7.6"]
[White "Kitewski, Bartosz"]
[Black "Tomicki, Marek "]
[Result "1-0"]
[WhiteTitle ""]
[BlackTitle ""]
[WhiteElo "1479"]
[BlackElo "1471"]

1. d4 d5 2. c4 e6 3. Nc3 Nf6 4. cxd5 exd5 5. Bg5 Be7 6. Nf3 b6 7. e3 O-O 8. Bd3
Bb7 9. O-O Nbd7 10. Rb1 c5 11. dxc5 bxc5 12. Rc1 a6 13. Qe2 Re8 14. Rfd1 Qa5 15.
Qc2 d4 16. Bxf6 Nxf6 17. Na4 dxe3 18. fxe3 Bxf3 19. gxf3 c4 20. Qxc4 Qg5+ 21.
Kf2 Bd6 22. Bxh7+ Kxh7 23. Rxd6 Qxe3+ 24. Kg2 Qg5+ 25. Kh1 g6 26. Rg1 Qf5 27.
Qxf7+ 1-0

[Event "III Miedzynarodowy Memorial Ireny Warakomskiej - Open C"]
[Site "Suwalki"]
[Date "2019.08.12"]
[Round "7.7"]
[White "Pieczulis, Blazej"]
[Black "Stefaniuk, Zbigniew"]
[Result "1/2-1/2"]
[WhiteTitle ""]
[BlackTitle ""]
[WhiteElo "1439"]
[BlackElo "1467"]

1. d4 d5 2. c4 e6 3. Nc3 Nf6 4. Nf3 Be7 5. Bf4 O-O 6. e3 c5 7. cxd5 exd5 8. Bd3
Nc6 9. Rc1 cxd4 10. exd4 Bg4 11. Be2 Re8 12. O-O h6 13. a3 Bd6 14. Bg3 Bxg3 15.
hxg3 Ne4 16. Re1 Nxc3 17. Rxc3 Qf6 18. Re3 Rxe3 19. fxe3 Qd6 20. Kh2 Re8 21. Bd3
Re6 22. Qd2 h5 23. Qf2 Bxf3 24. gxf3 h4 25. f4 Qe7 26. f5 hxg3+ 27. Qxg3 Rh6+
28. Kg2 Qh4 29. Qxh4 Rxh4 30. Kg3 Rh6 31. Rc1 Kf8 32. b4 a6 33. Rc5 Rd6 34. Bc2
Ne7 35. Rc7 Rc6 36. Rxc6 Nxc6 37. Bb3 Ne7 38. Kf4 f6 39. e4 dxe4 40. Kxe4 Ke8
41. Bd5 b6 42. Bc4 a5 43. Be6 Kd8 44. Kd3 axb4 45. axb4 b5 1/2-1/2

[Event "III Miedzynarodowy Memorial Ireny Warakomskiej - Open C"]
[Site "Suwalki"]
[Date "2019.08.12"]
[Round "7.8"]
[White "Wojdak, Karol"]
[Black "Borowik, Grzegorz"]
[Result "1-0"]
[WhiteTitle ""]
[BlackTitle ""]
[WhiteElo "1457"]
[BlackElo "1123"]

1. e4 c5 2. Nf3 d6 3. d4 cxd4 4. Nxd4 Nf6 5. Nc3 a6 6. Be2 e6 7. Be3 Be7 8. Qd2
Nbd7 9. f3 Qc7 10. O-O-O b5 11. g4 Ne5 12. b3 Bb7 13. g5 Nfd7 14. f4 d5 15. fxe5
Bb4 16. Kb2 Rc8 17. Nxd5 Bxd2 18. Nxc7+ Rxc7 19. Rxd2 Bxe4 20. Nf3 Ke7 21. Rhd1
Rhc8 22. Ne1 Nb8 23. Bf3 Bf5 24. Bb6 Rc3 25. Bb7 Bg4 26. Bxc8 Rxc8 27. Rc1 Nd7
28. Bd4 Nf8 29. Bc3 Ng6 30. Bb4+ Ke8 31. Nd3 Rd8 32. Bd6 f6 33. gxf6 gxf6 34.
Rg2 f5 35. Rf2 1-0

[Event "III Miedzynarodowy Memorial Ireny Warakomskiej - Open C"]
[Site "Suwalki"]
[Date "2019.08.12"]
[Round "7.9"]
[White "Szczygiel, Antoni"]
[Black "Kieca, Aleksandra"]
[Result "0-1"]
[WhiteTitle ""]
[BlackTitle ""]
[WhiteElo "1393"]
[BlackElo "1453"]

1. e4 c5 2. Nf3 e6 3. d4 cxd4 4. Nxd4 a6 5. Bd3 Nc6 6. Nf3 Qc7 7. O-O Nf6 8. Bg5
Be7 9. h3 O-O 10. Nbd2 d6 11. Qe2 b6 12. c3 Bb7 13. Rac1 Rfe8 14. Rfe1 Nb8 15.
a3 Nbd7 16. b4 h6 17. Be3 d5 18. exd5 Nxd5 19. c4 Nxe3 20. Qxe3 Bd6 21. Be4 Bxe4
22. Qxe4 Nf6 23. Qc2 Rad8 24. Qa4 Qb7 25. Qb3 Rd7 26. Qe3 Qc7 27. g3 Red8 28.
Nf1 Qb7 29. c5 bxc5 30. bxc5 Bxc5 31. Rxc5 Rd3 32. Qc1 Qxf3 33. Rc8 Qd5 34. Ne3
Qd7 35. Rc7 Qd6 36. a4 Qb4 37. Rc4 Qa5 38. Re2 Nd5 39. Kg2 Nxe3+ 40. Rxe3 Qd5+
41. Rce4 Rxe3 0-1

[Event "III Miedzynarodowy Memorial Ireny Warakomskiej - Open C"]
[Site "Suwalki"]
[Date "2019.08.12"]
[Round "7.10"]
[White "Wojtacha, Krzysztof"]
[Black "Pojawa, Jakub"]
[Result "1/2-1/2"]
[WhiteTitle ""]
[BlackTitle ""]
[WhiteElo "1446"]
[BlackElo "1191"]

1. e4 e6 2. d4 d5 3. Bd3 c5 4. Nf3 Nc6 5. c3 cxd4 6. cxd4 Bb4+ 7. Bd2 Bxd2+ 8.
Qxd2 Nge7 9. Nc3 dxe4 10. Bxe4 Ng6 11. O-O O-O 12. Rac1 Bd7 13. Na4 Rc8 14. Nc5
b6 15. Nb3 Qe7 16. Rfd1 Nb4 17. g3 Nd5 18. Bxd5 exd5 19. Re1 Be6 20. Ng5 Rxc1
21. Qxc1 Rc8 22. Qd2 Rc6 23. Nf3 Qc7 24. Rc1 Rxc1+ 25. Qxc1 Qxc1+ 26. Nxc1 1/2-1/2

[Event "III Miedzynarodowy Memorial Ireny Warakomskiej - Open C"]
[Site "Suwalki"]
[Date "2019.08.12"]
[Round "7.11"]
[White "Kutylo, Konrad "]
[Black "Businski, Karol"]
[Result "1-0"]
[WhiteTitle ""]
[BlackTitle ""]
[WhiteElo "1303"]
[BlackElo "1441"]

1. d4 Nf6 2. Nf3 g6 3. g3 Bg7 4. Bg2 O-O 5. c4 d5 6. Nc3 Nc6 7. cxd5 Nxd5 8. O-O
Rb8 9. e4 Nb6 10. d5 Ne5 11. Nxe5 Bxe5 12. f4 Bxc3 13. bxc3 Nc4 14. Qd4 b5 15.
Rd1 Bg4 16. Re1 f6 17. Bf1 e5 18. Qxa7 f5 19. Bxc4 bxc4 20. Qc5 fxe4 21. Rxe4
Bf5 22. Rxe5 Bd3 23. Qe3 Rb6 24. Ba3 Rd6 25. Bxd6 Qxd6 26. Re1 Qa3 27. Qd4 h5
28. Re7 Rf7 29. Re8+ Rf8 30. Rxf8+ Qxf8 31. Qe5 Qc5+ 32. Qe3 1-0

[Event "III Miedzynarodowy Memorial Ireny Warakomskiej - Open C"]
[Site "Suwalki"]
[Date "2019.08.12"]
[Round "7.12"]
[White "Borowik, Monika"]
[Black "Owczarek, Monika "]
[Result "0-1"]
[WhiteTitle ""]
[BlackTitle ""]
[WhiteElo "1216"]
[BlackElo "1439"]

1. e4 c5 2. Nf3 Nc6 3. Nc3 g6 4. Bc4 e6 5. O-O a6 6. a4 Bg7 7. d3 Nge7 8. Be3 d6
9. Qd2 Nd4 10. Bh6 Nxf3+ 11. gxf3 O-O 12. Kh1 Nc6 13. Bg5 Qb6 14. Rab1 Ne5 15.
Qe3 Nc6 16. Ne2 Nd4 17. Nxd4 Bxd4 18. Qf4 Be5 19. Qh4 Qc6 20. f4 Bg7 21. f3 Re8
22. Bb3 d5 23. Rbe1 Bd7 24. e5 Qc8 25. Rg1 c4 26. dxc4 dxc4 27. Ba2 Bxa4 28. Re4
Bc6 29. Re3 b5 30. Bf6 Qb7 31. Rg3 Qd7 32. Re1 Qd2 33. Rf1 Qe2 34. Kg1 Qxc2 35.
Rh3 h5 36. Bb1 Qd2 37. Qg3 Bxf6 38. exf6 Qd4+ 39. Kh1 Qxf6 40. Rxh5 Kf8 41. Re5
Rad8 42. Rc5 Ba8 43. Rc7 Re7 44. Rc5 Red7 45. Bc2 Qxb2 46. Be4 Bxe4 47. fxe4 Qd4
48. Re5 Qd3 49. Qf2 Rd4 50. Qg2 Qd2 51. Qg3 Qd3 52. Qg2 c3 53. Rc5 Rc4 54. Re5
c2 55. Rc1 Qd1+ 56. Rxd1 cxd1=Q+ 57. Qg1 Qxg1+ 58. Kxg1 Rc2 59. Rd5 exd5 60. exd5
Rxd5 61. Kf1 Rd1# 0-1

[Event "III Miedzynarodowy Memorial Ireny Warakomskiej - Open C"]
[Site "Suwalki"]
[Date "2019.08.12"]
[Round "7.13"]
[White "Bednarska, Julita"]
[Black "Bartnik, Michal"]
[Result "1/2-1/2"]
[WhiteTitle ""]
[BlackTitle ""]
[WhiteElo "1436"]
[BlackElo "1210"]

1. e4 c5 2. Nf3 Nc6 3. d4 cxd4 4. Nxd4 Nf6 5. Nc3 e5 6. Ndb5 d6 7. Bg5 a6 8. Na3
b5 9. Nd5 Be7 10. Bxf6 Bxf6 11. c3 Bg5 12. Nc2 O-O 13. Be2 Be6 14. Nce3 Ne7 15.
O-O Bxe3 16. Nxe3 d5 17. exd5 Nxd5 18. Nxd5 Qxd5 19. Qxd5 Bxd5 20. a3 f6 21. Rad1
Rfd8 22. h3 Kf7 23. Rd3 Bc4 24. Rxd8 Rxd8 25. Bxc4+ bxc4 26. Re1 Rd2 27. Re4 Rxb2
28. Rxc4 Rb3 29. a4 Ke7 30. Kf1 Kd6 31. Ke2 Kd5 32. Rc7 g5 33. Rxh7 Rxc3 34. Rd7+
Ke6 35. Rb7 Rc6 36. Kd3 Kf5 37. Rb4 Ke6 38. Rc4 Rb6 39. a5 Rd6+ 40. Kc3 Kd5 41.
Kb4 f5 42. Rc2 Re6 43. Rc8 e4 44. Rd8+ Kc6 45. Kc4 g4 46. g3 gxh3 47. Rh8 Rd6
48. Rxh3 Rd2 49. Rh6+ Kb7 50. Rh7+ Kc8 51. Rh8+ Kd7 52. Rh7+ Ke8 53. Ra7 Rxf2
54. Rxa6 Rf3 55. Rb6 Kd7 56. a6 Ra3 57. Rf6 Rxg3 58. Rxf5 Ra3 1/2-1/2

[Event "III Miedzynarodowy Memorial Ireny Warakomskiej - Open C"]
[Site "Suwalki"]
[Date "2019.08.12"]
[Round "7.14"]
[White "Kaminski, Lukasz "]
[Black "Hancharevich, Heorhi "]
[Result "0-1"]
[WhiteTitle ""]
[BlackTitle ""]
[WhiteElo "1425"]
[BlackElo "1360"]

1. e4 e5 2. Nf3 Nc6 3. Bc4 Bc5 4. c3 Nf6 5. d3 d6 6. d4 a6 7. O-O O-O 8. h3 h6
9. Re1 Ba7 10. Nbd2 Ne7 11. Nf1 Ng6 12. Ng3 Bd7 13. Be3 c6 14. Nf5 Qc7 15. N3h4
Nxh4 16. Nxh4 d5 17. Bb3 dxe4 0-1

[Event "III Miedzynarodowy Memorial Ireny Warakomskiej - Open C"]
[Site "Suwalki"]
[Date "2019.08.12"]
[Round "7.15"]
[White "Zmarzly, Wiktor"]
[Black "Oborska, Magda "]
[Result "1-0"]
[WhiteTitle ""]
[BlackTitle ""]
[WhiteElo "1285"]
[BlackElo "1422"]

1. d4 d5 2. c4 e6 3. Nc3 Nf6 4. Nf3 h6 5. Bf4 Bb4 6. e3 Bxc3+ 7. bxc3 O-O 8. Rc1
b6 9. cxd5 exd5 10. c4 c6 11. c5 bxc5 12. dxc5 Qa5+ 13. Qd2 Qa4 14. Bd3 Ne4 15.
Qc2 Qa5+ 16. Nd2 f5 17. f3 Qxd2+ 18. Qxd2 Nxd2 19. Kxd2 Na6 20. Bd6 Rf7 21. Rb1
Nc7 22. Rb2 Ne8 23. Be5 Re7 24. f4 Kf7 25. Rhb1 Nf6 26. Rb4 Ng4 27. Rb8 Rxb8 28.
Rxb8 Bd7 29. Bd4 Nf6 30. Bxf6 Kxf6 31. Rf8+ Kg6 32. g4 Rf7 33. gxf5+ Kf6 34. Rxf7+
Kxf7 35. e4 dxe4 36. Bxe4 Kf6 37. Ke3 Bxf5 38. Bxc6 Be6 39. a3 Kf5 40. Be4+ Kg4
41. c6 Kh3 42. c7 Bc8 43. Kd4 Kxh2 44. Ke5 Kg3 45. Bf5 Bb7 46. c8=Q Bxc8 47. Bxc8
h5 48. f5 h4 49. Ke6 h3 50. Kf7 h2 51. Bb7 Kf4 52. Ke6 Kg4 53. a4 a5 54. f6 gxf6
55. Kxf6 Kf4 56. Bh1 Ke3 57. Ke5 Kd3 58. Kd5 Kc3 59. Kc5 Kb3 60. Kb5 1-0

[Event "III Miedzynarodowy Memorial Ireny Warakomskiej - Open C"]
[Site "Suwalki"]
[Date "2019.08.12"]
[Round "7.16"]
[White "Walendykiewicz, Martyna"]
[Black "Wydornik, Robert "]
[Result "0-1"]
[WhiteTitle ""]
[BlackTitle ""]
[WhiteElo "1253"]
[BlackElo "1391"]

1. d4 d5 2. c4 e6 3. Nc3 Nf6 4. Nf3 Nbd7 5. e3 Be7 6. b3 O-O 7. Qc2 b6 8. Be2 Bb7
9. Bb2 dxc4 10. bxc4 c5 11. O-O Qc7 12. Ba3 Rfe8 13. dxc5 Nxc5 14. Nb5 Qc6 15.
Nbd4 Qc8 16. Bxc5 Bxc5 17. Nb3 Be4 18. Qc3 Rd8 19. Rad1 Qc7 20. Nxc5 Qxc5 21.
Nd2 Bb7 22. Bf3 Bxf3 23. Nxf3 Rac8 24. Rxd8+ Rxd8 25. Qb3 Rc8 26. Rc1 b5 27. Nd2
h6 28. a3 Rd8 29. Qc3 Qd6 30. Nf1 Rc8 31. Qb3 bxc4 32. Rxc4 Rxc4 33. Qxc4 Qxa3
34. Qc8+ Kh7 35. Qc2+ g6 36. h3 a5 37. Nd2 Nd5 38. Nc4 Qa1+ 39. Kh2 a4 40. Qd3
Qc3 41. Qxc3 Nxc3 42. Na3 Kg7 43. Kg3 Kf6 44. f4 Kf5 45. Kf3 e5 46. g4+ Ke6 47.
e4 exf4 48. Kxf4 Ne2+ 49. Ke3 Nc1 50. Nc4 Nb3 51. Kd3 Nc5+ 52. Kd4 Nd7 53. e5
f6 54. exf6 Nxf6 55. Na3 g5 56. Nc4 Nd5 57. Kc5 Nf4 58. Kb4 a3 59. Nxa3 Nxh3 60.
Nc4 Nf2 61. Ne3 Ke5 62. Kc3 Kf4 63. Kd2 Nxg4 64. Nxg4 Kxg4 65. Ke2 Kg3 66. Kf1
Kh2 67. Kf2 g4 0-1

[Event "III Miedzynarodowy Memorial Ireny Warakomskiej - Open C"]
[Site "Suwalki"]
[Date "2019.08.12"]
[Round "7.17"]
[White "Cwiek, Stefan"]
[Black "Bednarski, Pawel "]
[Result "1/2-1/2"]
[WhiteTitle ""]
[BlackTitle ""]
[WhiteElo "1365"]
[BlackElo "1135"]

1. e4 e5 2. Nf3 Nc6 3. Bc4 Bc5 4. c3 Nf6 5. d4 exd4 6. cxd4 Bb4+ 7. Bd2 Bxd2+ 8.
Nbxd2 d6 9. O-O O-O 10. h3 Re8 11. Re1 h6 12. Qb3 Re7 13. Rad1 Na5 14. Qc3 Nxc4
15. Qxc4 d5 1/2-1/2

[Event "III Miedzynarodowy Memorial Ireny Warakomskiej - Open C"]
[Site "Suwalki"]
[Date "2019.08.12"]
[Round "7.19"]
[White "Chomicki, Kornel "]
[Black "Zapalowska, Wiktoria "]
[Result "1/2-1/2"]
[WhiteTitle ""]
[BlackTitle ""]
[WhiteElo "1334"]
[BlackElo "1103"]

1. e4 c5 2. Nc3 Nc6 3. f4 e6 4. Nf3 Nge7 5. g3 g6 6. Bg2 Bg7 7. d3 O-O 8. Be3 b6
9. O-O d5 10. Bf2 Bb7 11. e5 Qd7 12. h3 f6 13. exf6 Bxf6 14. Qd2 Rae8 15. Rfe1
Nf5 16. Kh2 Nfd4 17. Nxd4 Nxd4 18. Nd1 Nf5 19. c3 e5 20. fxe5 Bxe5 21. Ne3 Nxe3
22. Bxe3 Qc7 23. Bf2 Re7 24. d4 cxd4 25. cxd4 Bd6 26. Rxe7 Bxe7 27. Rc1 Qd6 28.
Be3 Qd7 29. Bf4 Bd6 30. Bxd6 Qxd6 31. Qe3 Qf6 32. Rc7 Bc6 33. Qh6 Rf7 34. Rc8+
Rf8 35. Rxf8+ Qxf8 36. Qxf8+ Kxf8 37. g4 Ke7 38. Kg3 Kf6 39. h4 h6 40. Kf4 g5+
41. hxg5+ hxg5+ 42. Kf3 Ke6 1/2-1/2